000 00381nam a22001217a 4500
082 _a200 THE
100 _aAFZAAL AHMAD
_970404
245 _aTH-SOF-1177-Design and Fabrication of Active SEMG Sensor for Prosthesis Control
260 _aIslamabad
_bNUST College of EME
_c2015
650 _a MS-MTS-78 MSTHESIS
700 _aSupervison DR. MOHSIN ISLAM TIWANA
_970046
942 _cCF
999 _c577385
_d577385